Women's roles in agriculture, present trends and potential for growth / (Record no. 5283)

MARC details
000 -LEADER
fixed length control field 01061nam a22002777a 4500
001 - CONTROL NUMBER
control field BD-DhSAU 5283
003 - CONTROL NUMBER IDENTIFIER
control field BD-DhSAU
005 - DATE AND TIME OF LATEST TRANSACTION
control field 20150415103638.0
007 - PHYSICAL DESCRIPTION FIXED FIELD--GENERAL INFORMATION
fixed length control field he|amb---baca
008 - FIXED-LENGTH DATA ELEMENTS--GENERAL INFORMATION
fixed length control field 900209r19891989ii bb 000 0 eng
040 ## - CATALOGING SOURCE
Original cataloging agency BD-DhSAU
082 ## - DEWEY DECIMAL CLASSIFICATION NUMBER
Edition number 22
Classification number 305.4630
Item number ROB
100 2# - MAIN ENTRY--PERSONAL NAME
Personal name Safilios-Rothschild, Constantina,
245 10 - TITLE STATEMENT
Title Women's roles in agriculture, present trends and potential for growth /
Statement of responsibility, etc. Constantina Safilios-Rothschild, Simeen Mahmud.
260 ## - PUBLICATION, DISTRIBUTION, ETC. (IMPRINT)
Place of publication, distribution, etc. Dhaka :
Name of publisher, distributor, etc. Bangladesh Agriculture Sector Review ,
Date of publication, distribution, etc. 1989.
300 ## - PHYSICAL DESCRIPTION
Extent xiii, 129 p. :
Other physical details map ;
Dimensions 28 cm.
500 ## - GENERAL NOTE
General note "Sponsored by UNDP and UNIFEM."
500 ## - GENERAL NOTE
General note Based on a women in agriculture census, a survey of women's roles in agriculture, and deliberations of a workshop.
500 ## - GENERAL NOTE
General note Master microform held by : DLC
504 ## - BIBLIOGRAPHY, ETC. NOTE
Bibliography, etc Includes bibliographical references.
590 ## - Name of Cataloguer
Name of Cataloger IMRAN
650 #0 - SUBJECT ADDED ENTRY--TOPICAL TERM
Topical term or geographic name as entry element Women farmers
Geographic subdivision Bangladesh.
700 1# - ADDED ENTRY--PERSONAL NAME
Personal name Mahmud, Simeen.
710 2# - ADDED ENTRY--CORPORATE NAME
Corporate name or jurisdiction name as entry element United Nations Development Programme.
710 2# - ADDED ENTRY--CORPORATE NAME
Corporate name or jurisdiction name as entry element United Nations Development Fund for Women.
942 ## - ADDED ENTRY ELEMENTS (KOHA)
Source of classification or shelving scheme Dewey Decimal Classification
Koha item type Book
Holdings
Withdrawn status Lost status Source of classification or shelving scheme Damaged status Not for loan Collection code Home library Branch Name Shelving location Date acquired Total Checkouts Full call number Barcode Date last seen Price effective from Koha item type
    Dewey Decimal Classification   Not For Loan Reference SAU Library SAU Library Reference 18/12/2005   305.4630 ROB 31586 15/04/2015 15/04/2015 Book